000 00267nam a2200109Ia 4500
008 190919s9999||||xx |||||||||||||| ||und||
100 _aFrancis Darwin
245 0 _aAutobiography of Charles Darwin
260 _aNew York
_bAddison
_c2001
300 _a768
942 _cBK
999 _c10801
_d10801